000 00774cab a2200241 4500
001 WB3519-38
008 090401t1999 xxu||||| |||| 00| 0 eng d
035 _a(Sirsi) u93376
041 _aeng
245 _aHouse prices set to surge in South
260 _c1999
350 _a0
490 _aIndependent
_v18 May 1999, 17(1)
520 _aA forecast by Cambridge Econometrics predicts that house prices in the south will rise by around 6% in 2000, outstripping prices in the rest of the country.
650 _aCAMBRIDGE ECONOMETRICS
650 _aFORECASTS
650 _aHOUSE PRICE INFLATION
650 _aHOUSE PRICES
650 _aHOUSING MARKET
690 _aPROPERTY-RESIDENTIAL PROPERTY-RESIDENTIAL PROPERTY MARKET
942 _n0
948 _c18/05/1999
999 _c59180
_d59180